Procedimientos tributarios / José Arias Velasco
ISBN:
84-7248-061-5
Descripción Física:
445 p. ; 24 cm
MARC
| LEADER | 00000nam a2200000Ia 4500 | ||
|---|---|---|---|
| 001 | 18358 | ||
| 008 | 160829s1990 xx 000 0 cat d | ||
| 020 | |a 84-7248-061-5 | ||
| 080 | |a M-5-303 | ||
| 100 | |a Arias Velasco, José |9 37745 | ||
| 245 | |a Procedimientos tributarios / José Arias Velasco | ||
| 250 | |a Nueva ed., puesta al día | ||
| 260 | |a Madrid : |b Marcial Pons, Ediciones Jurídicas, |c 1990 | ||
| 300 | |a 445 p. ; |c 24 cm | ||
| 590 | |a Bibliografia | ||
| 650 | |a Impostos |x Administració i procediment |x Espanya |9 38145 | ||
| 901 | |a Arxiu | ||
| 942 | |n 1 | ||
| 952 | |0 0 |1 0 |4 0 |6 M5303 |7 1 |9 48294 |a Arxiu |b Arxiu |d 2016-12-01 |l 0 |o M-5-303 |p 18358 |r 2016-12-01 00:00:00 |w 2016-12-01 |y ARXIU | ||
| 999 | |c 52100 |d 52100 | ||